Central Library OPAC University of Rajshahi

Multivariate analysis : (Record no. 6692)

MARC details
000 -LEADER
fixed length control field 00745nam a2200241 4500
001 - CONTROL NUMBER
control field 6692
003 - CONTROL NUMBER IDENTIFIER
rucl marc code BD-RjUL
005 - DATE AND TIME OF LATEST TRANSACTION
control field 20211208234307.0
008 - FIXED-LENGTH DATA ELEMENTS--GENERAL INFORMATION
fixed length control field 140112s1971 nyua b 001 0 eng
020 ## - INTERNATIONAL STANDARD BOOK NUMBER
International Standard Book Number 0471845906
035 ## - SYSTEM CONTROL NUMBER
System control number (BD-RjUL)6733
040 ## - CATALOGING SOURCE
Original cataloging agency DLC
Transcribing agency DLC
Modifying agency DLC
-- BD-RjUL
Language of cataloging eng
041 ## - LANGUAGE CODE
Language code of text/sound track or separate title eng
082 00 - DEWEY DECIMAL CLASSIFICATION NUMBER
Classification number 519.53
Author mark and year TAM 1971
Edition number 23
100 1# - MAIN ENTRY--PERSONAL NAME
Personal name Tatsuoka, Maurice M.
9 (RLIN) 21038
245 00 - TITLE STATEMENT
Title Multivariate analysis :
Remainder of title techniques for educational and psychological research /
Statement of responsibility, etc. [by] Maurice M. Tatsuoka.
260 ## - PUBLICATION, DISTRIBUTION, ETC. (IMPRINT)
Place of publication, distribution, etc. New York :
Name of publisher, distributor, etc. Wiley,
Date of publication, distribution, etc. c1971.
300 ## - PHYSICAL DESCRIPTION
Pagination xiii, 310 p. :
Illustrations illus.
Size 24 cm.
504 ## - BIBLIOGRAPHY, ETC. NOTE
Bibliography, etc Includes bibliography (p. 301-304) and indexes.
650 #0 - SUBJECT ADDED ENTRY--TOPICAL TERM
Topical term or geographic name as entry element Multivariate analysis.
9 (RLIN) 24
942 ## - ADDED ENTRY ELEMENTS (KOHA)
Source of classification or shelving scheme Dewey Decimal Classification
Koha item type Books
Holdings
Lost status Source of classification or shelving scheme Damaged status Not for loan Collection code Permanent Location Current Location Shelving location Date acquired Source of acquisition Cost, normal purchase price Total Checkouts Full call number Date last seen Copy number Koha item type
  Dewey Decimal Classification     Non-fiction Central Library, University of Rajshahi Central Library, University of Rajshahi   30/05/1974 National book agency 115.00   519.53 TAM 1971 12/01/2014 C-2 Books
  Dewey Decimal Classification     Non-fiction Central Library, University of Rajshahi Central Library, University of Rajshahi   30/05/1974 National book agency 115.00   519.53 TAM 1971 24/09/2016 C-3 Books